<?xml version="1.0" encoding="UTF-8"?>
<record
    xmlns:xsi="http://www.w3.org/2001/XMLSchema-instance"
    xsi:schemaLocation="http://www.loc.gov/MARC21/slim http://www.loc.gov/standards/marcxml/schema/MARC21slim.xsd"
    xmlns="http://www.loc.gov/MARC21/slim">

  <leader>02101nam a22003737a 4500</leader>
  <controlfield tag="001">978</controlfield>
  <controlfield tag="003">OSt</controlfield>
  <controlfield tag="005">20210707143347.0</controlfield>
  <controlfield tag="007">ta</controlfield>
  <controlfield tag="008">210219e2020    dr |||||r|||| 001 0dspa d</controlfield>
  <datafield tag="020" ind1=" " ind2=" ">
    <subfield code="a">9789945909890</subfield>
  </datafield>
  <datafield tag="040" ind1=" " ind2=" ">
    <subfield code="a">DO-SdBNP</subfield>
    <subfield code="b">spa</subfield>
    <subfield code="c">BNPHU</subfield>
  </datafield>
  <datafield tag="041" ind1=" " ind2=" ">
    <subfield code="h">fre</subfield>
  </datafield>
  <datafield tag="082" ind1=" " ind2="4">
    <subfield code="a">616.932</subfield>
    <subfield code="b">S462L</subfield>
    <subfield code="2">22</subfield>
  </datafield>
  <datafield tag="100" ind1="1" ind2=" ">
    <subfield code="a">Silva Seitenfus, Ricardo Antonio,</subfield>
    <subfield code="d">1948-</subfield>
    <subfield code="9">77872</subfield>
  </datafield>
  <datafield tag="245" ind1="1" ind2="3">
    <subfield code="a">La ONU y el c&#xF3;lera en Hait&#xED; /</subfield>
    <subfield code="c">Ricardo Seitenfus ;  traductor, Rosario Carcuro Leone</subfield>
  </datafield>
  <datafield tag="260" ind1=" " ind2=" ">
    <subfield code="a">Santo Domingo :</subfield>
    <subfield code="b">Fundaci&#xF3;n Juan Bosch,</subfield>
    <subfield code="c">2020.</subfield>
  </datafield>
  <datafield tag="300" ind1=" " ind2=" ">
    <subfield code="a">217 p. ;</subfield>
    <subfield code="c">22 cm.</subfield>
  </datafield>
  <datafield tag="490" ind1=" " ind2=" ">
    <subfield code="a"> La verdad en manos de los buenos</subfield>
  </datafield>
  <datafield tag="500" ind1=" " ind2=" ">
    <subfield code="a">Incluye referencias bibliogr&#xE1;ficas y  notas al pie de las paginas.</subfield>
  </datafield>
  <datafield tag="500" ind1=" " ind2=" ">
    <subfield code="a">Incluye datos biogr&#xE1;ficos del autor en las solapas</subfield>
  </datafield>
  <datafield tag="504" ind1=" " ind2=" ">
    <subfield code="a">Bibliograf&#xED;a: p. 209-214</subfield>
  </datafield>
  <datafield tag="505" ind1="2" ind2=" ">
    <subfield code="a">Primer prefacio : La ONU procesada y condenada /</subfield>
    <subfield code="r">Mario Joseph --</subfield>
    <subfield code="r">Jean-Hugues Henrys.</subfield>
  </datafield>
  <datafield tag="505" ind1="2" ind2=" ">
    <subfield code="a">Pre&#xE1;mbulo. </subfield>
  </datafield>
  <datafield tag="505" ind1="2" ind2=" ">
    <subfield code="a">Presentaci&#xF3;n a la edici&#xF3;n en espa&#xF1;ol / </subfield>
    <subfield code="r">Mat&#xED;as Bosch Carcuro --</subfield>
    <subfield code="t">Primer prefacio: La ONU procesada y condenada /</subfield>
    <subfield code="r">Mario Joseph </subfield>
    <subfield code="t">Segundo prefacio: Cat&#xE1;strofe y desinformaci&#xF3;n  / </subfield>
    <subfield code="r">Dr. Jean-Hugues Henrys</subfield>
    <subfield code="t">Pre&#xE1;mbulo --</subfield>
    <subfield code="t">Introducci&#xF3;n --</subfield>
    <subfield code="t">1. Hait&#xED; y el c&#xF3;lera -- </subfield>
    <subfield code="t">2. Los hechos -- </subfield>
    <subfield code="t">3. Las consecuencias -- </subfield>
    <subfield code="t">4. La impostura de las Naciones Unidas --</subfield>
    <subfield code="t">Las operaciones de mantenimiento de la paz de Naciones Unidas y el derecho -- </subfield>
    <subfield code="t">La responsabilidad legal de Naciones Unidas --</subfield>
    <subfield code="t">7. Las soluciones propuestas --</subfield>
    <subfield code="t">Conclusiones --</subfield>
    <subfield code="t">Anexos --</subfield>
    <subfield code="t">Ep&#xED;logo : la esperanza /</subfield>
    <subfield code="r">Brian Concannon Jr.</subfield>
    <subfield code="t">Bibliograf&#xED;a --</subfield>
    <subfield code="t">Lista de siglas  y abreviaciones.</subfield>
  </datafield>
  <datafield tag="610" ind1="2" ind2="4">
    <subfield code="a">United Nations Stabilization Mission in Haiti.</subfield>
    <subfield code="9">79048</subfield>
  </datafield>
  <datafield tag="650" ind1=" " ind2="4">
    <subfield code="a">C&#xF3;lera </subfield>
    <subfield code="z">Hait&#xED;</subfield>
    <subfield code="x">Historia </subfield>
    <subfield code="y">Siglo XXI</subfield>
    <subfield code="9">79049</subfield>
  </datafield>
  <datafield tag="650" ind1=" " ind2="4">
    <subfield code="a">C&#xF3;lera</subfield>
    <subfield code="x">Aspectos pol&#xED;ticos </subfield>
    <subfield code="z">Hait&#xED;</subfield>
    <subfield code="x">Historia</subfield>
    <subfield code="y">Siglo XXI</subfield>
    <subfield code="9">79050</subfield>
  </datafield>
  <datafield tag="650" ind1=" " ind2="4">
    <subfield code="a">Servicios m&#xE9;dicos de urgencias </subfield>
    <subfield code="z">Haiti</subfield>
    <subfield code="x">Cooperaci&#xF3;n internacional </subfield>
    <subfield code="9">79051</subfield>
  </datafield>
  <datafield tag="700" ind1="1" ind2=" ">
    <subfield code="a">Carcuro Leone, Rosario, </subfield>
    <subfield code="e">tr.</subfield>
    <subfield code="9">77873</subfield>
  </datafield>
  <datafield tag="830" ind1=" " ind2=" ">
    <subfield code="a"> La verdad en manos de los buenos</subfield>
    <subfield code="9">79135</subfield>
  </datafield>
  <datafield tag="910" ind1=" " ind2=" ">
    <subfield code="a">Validado. Control de calidad MFF</subfield>
  </datafield>
  <datafield tag="942" ind1=" " ind2=" ">
    <subfield code="2">ddc</subfield>
    <subfield code="c">LBS1</subfield>
  </datafield>
  <datafield tag="952" ind1=" " ind2=" ">
    <subfield code="0">0</subfield>
    <subfield code="1">0</subfield>
    <subfield code="2">ddc</subfield>
    <subfield code="5">1</subfield>
    <subfield code="7">2</subfield>
    <subfield code="8">PD</subfield>
    <subfield code="a">BNPHU</subfield>
    <subfield code="b">PD</subfield>
    <subfield code="c">HD</subfield>
    <subfield code="d">2020-11-17</subfield>
    <subfield code="e">Dep&#xF3;sito Legal </subfield>
    <subfield code="l">0</subfield>
    <subfield code="o">BNPHU PD 616.932 S462L</subfield>
    <subfield code="p">2020-0498</subfield>
    <subfield code="r">2020-11-17</subfield>
    <subfield code="t">e.2</subfield>
    <subfield code="w">2020-11-17</subfield>
    <subfield code="y">LFPD</subfield>
  </datafield>
  <datafield tag="952" ind1=" " ind2=" ">
    <subfield code="0">0</subfield>
    <subfield code="1">0</subfield>
    <subfield code="2">ddc</subfield>
    <subfield code="5">1</subfield>
    <subfield code="7">1</subfield>
    <subfield code="8">PD</subfield>
    <subfield code="a">BNPHU</subfield>
    <subfield code="b">PD</subfield>
    <subfield code="c">HD</subfield>
    <subfield code="d">2020-02-18</subfield>
    <subfield code="e">Dep&#xF3;sito Legal</subfield>
    <subfield code="l">0</subfield>
    <subfield code="o">BNPHU PD 616.932 S462L</subfield>
    <subfield code="p">2020-0499</subfield>
    <subfield code="r">2020-11-17</subfield>
    <subfield code="w">2020-11-17</subfield>
    <subfield code="y">LFPD</subfield>
  </datafield>
  <datafield tag="952" ind1=" " ind2=" ">
    <subfield code="0">0</subfield>
    <subfield code="1">0</subfield>
    <subfield code="2">ddc</subfield>
    <subfield code="5">6</subfield>
    <subfield code="7">0</subfield>
    <subfield code="8">DS</subfield>
    <subfield code="a">BNPHU</subfield>
    <subfield code="b">GR</subfield>
    <subfield code="c">HD</subfield>
    <subfield code="d">2020-02-18</subfield>
    <subfield code="e">Dep&#xF3;sito Legal</subfield>
    <subfield code="l">0</subfield>
    <subfield code="o">BNPHU DS 616.932 S462L</subfield>
    <subfield code="p">2020-0500</subfield>
    <subfield code="r">2020-11-17</subfield>
    <subfield code="t">e.3</subfield>
    <subfield code="w">2020-11-17</subfield>
    <subfield code="y">LFDS</subfield>
  </datafield>
  <datafield tag="999" ind1=" " ind2=" ">
    <subfield code="c">49137</subfield>
    <subfield code="d">49137</subfield>
  </datafield>
</record>
